Rozbor přesnosti pozičního měřidla délek tyčového materiálu s fotoelektrickými snímači

Bibliographic Details
Main Author: Kusyn, J. (Author)
Format: Article
Language:Czech
PhysicalDescription:Sch. 5., lit. 4 zázn. v češ.
Subjects:

MARC

LEADER 00000nab a2200000 a 4500
001 vtls000347652
003 SK-MaSNL
005 20260302231025.0
008 160201c1987 xo 0 cze
015 |a SNBRA19rr/mm-uuuuu 
035 |a CL0347774 
040 |a SNKBUCL  |b slo  |c SNKBUCL  |e AACR2 
041 0 |a cze 
044 |a xo  |c SK 
080 |a 531.715.088.3:681.586.73:621.77-422  |2 1981 
080 |a 681.586.73  |2 1981 
080 |a 621.77-422  |2 1981 
080 |a 621.771-422  |2 1981 
100 1 |a Kusyn, J.  |4 aut  |9 961304 
245 1 0 |a Rozbor přesnosti pozičního měřidla délek tyčového materiálu s fotoelektrickými snímači  |c J. Kusyn 
300 |b Sch. 5., lit. 4 zázn. v češ. 
650 0 7 |a materiály valcované  |2 snkbucl  |9 961305 
650 0 7 |a meradlá optické  |2 snkbucl  |9 961306 
650 0 7 |a snímače fotoelektrické  |2 snkbucl  |9 940570 
655 7 |a články zo zborníkov  |2 snkbucl  |9 166140 
773 0 |t Počítačové riadenie diskrétnych procesov 2  |d Bratislava : Dom techniky ČSVTS, 1987  |g S. 141-146 
850 |a Slovenská národná knižnica v Martine  |a MTA001 
852 |a SNK  |b KIS3GCP 
958 |a RK 
958 |a CZ 
992 |a RZB 
999 |c 1536717  |d 1538647